000 00380nam a2200145Ia 4500
008 230917s9999||||xx |||||||||||||| ||und||
040 _e182722
_aMAIN
041 _aEnglish
082 _a320.954 N293S
100 _aNeera
245 0 _aSocial structure and political recruitment in India
260 _aNew Delhi
_bAbhijeet Publications
_c2010
300 _a264 p.
942 _cBK
999 _c134117
_d134117